Σύντομο θεωρητικό βυζαντινής μουσικής
Saved in:
| Main Author: | |
|---|---|
| Other Authors: | |
| Format: | Book |
| Language: | Greek |
| Published: |
Κατερίνη :
Επέκταση,
2009.
|
| Series: | Θεωρία και Ιστορία Βυζαντινής Μουσικής
|
| Subjects: | |
| Tags: |
Add Tag
No Tags, Be the first to tag this record!
|
MARC
| LEADER | 00000cam a2200000 i 4500 | ||
|---|---|---|---|
| 001 | 1/47500 | ||
| 008 | 140519s2009 gr | ||| |||| ||gre|| | ||
| 020 | |a 9789603561347 | ||
| 035 | |l 10117668 | ||
| 040 | |a GR-MyUA |b gre |e AACR2 | ||
| 041 | 0 | |a gre | |
| 082 | 0 | |a 781.7119 |2 (23) | |
| 100 | 1 | |a Γιαννέλος, Δημήτρης Σ. | |
| 245 | 1 | 0 | |a Σύντομο θεωρητικό βυζαντινής μουσικής / |c Δημήτρης Σ. Γιαννέλος ; επιμελητής εκδόσεως Ιωάννης Κ. Παπαχρόνης. |
| 260 | |a Κατερίνη : |b Επέκταση, |c 2009. | ||
| 300 | |a 163 σ. : |b παρτ., πιν. ; |c 24 σ. | ||
| 490 | 1 | |a (Θεωρία και Ιστορία Βυζαντινής Μουσικής) | |
| 504 | |a Βιβλιογραφία: σ.155-158. Ευρετήριο. | ||
| 650 | 0 | 0 | |a Church music. |
| 650 | 0 | 0 | |a Music, Byzantine. |
| 650 | 0 | 0 | |a Music, Byzantine |x History and criticism. |
| 650 | 0 | 0 | |a Music theory. |
| 700 | 1 | |a Παπαχρόνης, Ιωάννης Κ. |e edt | |
| 830 | 0 | |a Θεωρία και Ιστορία Βυζαντινής Μουσικής | |
| 852 | |a INST |b SAMOS |c EUDOXUS |e 20140519 |h 781.7119 ΓΙΑ |p 005300036714 |q 005300036714 |t EDX |y 0 | ||
| 901 | |a BIBL3-2014-2 | ||
| 909 | |a Σ |b 184841 | ||
| 920 | |a Εύδοξος |b Παραγγελία-Μαθηματικό |y Σάμος |z 2014-04 | ||
| 970 | |a Κοσιέρης |b Χρήστος |z 2014/05/19 | ||